The future for Europe (Record no. 74388)

MARC details
000 -LEADER
fixed length control field 01060cam a2200181 4500
001 - CONTROL NUMBER
control field X126110
008 - FIXED-LENGTH DATA ELEMENTS--GENERAL INFORMATION
fixed length control field 040506n2004 000 0 eng u
035 ## - SYSTEM CONTROL NUMBER
System control number (Sirsi) u126110
245 #4 - TITLE STATEMENT
Title The future for Europe
260 ## - PUBLICATION, DISTRIBUTION, ETC.
Date of publication, distribution, etc. 2004
490 ## - SERIES STATEMENT
Series statement Building
Volume/sequential designation 269(8326) 2 April 2004, 65-73(9)
520 ## - SUMMARY, ETC.
Summary, etc. Discusses the Euroconstruct six month report on the European construction market. It has found that total construction output within the Euroconstruct zone (which includes the UK, France and Germany) declined slightly with the new build non-residential sector experiencing the largest fall. The 2004-06 period is expected to have moderate growth varying from 1% this year to 2.3% in 2006. The German market is expected to return to growth and Hungary and Poland are expected to have the highest growth. Includes information and tables on orders and output, including regional orders.
650 ## - SUBJECT ADDED ENTRY--TOPICAL TERM
Topical term or geographic name entry element EUROPEAN CONSTRUCTION
650 ## - SUBJECT ADDED ENTRY--TOPICAL TERM
Topical term or geographic name entry element CONSTRUCTION ORDERS
650 ## - SUBJECT ADDED ENTRY--TOPICAL TERM
Topical term or geographic name entry element CONSTRUCTION OUTPUT
690 ## - LOCAL SUBJECT ADDED ENTRY--TOPICAL TERM (OCLC, RLIN)
Topical term or geographic name as entry element BUILT ENVIRONMENT-CONSTRUCTION MARKET
942 ## - ADDED ENTRY ELEMENTS (KOHA)
Suppress in OPAC 0
Holdings
Withdrawn status Lost status Source of classification or shelving scheme Damaged status Not for loan Home library Current library Shelving location Date acquired Total Checkouts Full call number Barcode Date last seen Copy number Price effective from Koha item type
    Dewey Decimal Classification     London London Journal article 06/05/2004   X126110 126110-1001 06/08/2019 1 06/08/2019 Journal article